000 00609nam a2200145 i 4500
001 184880
003 ES-MaACL
005 20230906222310.0
008 160215s1881 sp |||| | spa d
245 0 0 _aSituación de las carreteras del Estado
_b: que comprende el plan general en 1º de julio de 1881.
260 _aMadrdi :
_b[s.n.],
_c1881 (
_fTip. de M. Minuesa de los Ríos)
300 _a207 p., [2] h. pleg. ;
_c25 cm.
594 _aPrecede al tít.: Ministerio de Fomento, Dirección General de Obras Públicas.
852 _aES-MaACL
_jT-387-F-8
_z.- Enc. en un vol. facticio, falto de la cub. original
999 _c184880
_d184880